| 000 | 00514cam a22001577a 4500 | ||
|---|---|---|---|
| 008 | 180718b1962 xxu||||| |||| 00| 0 eng d | ||
| 082 | _aB11064 M45/62 | ||
| 100 | _aMax Mueller Bhavan | ||
| 245 |
_a1962 Yearbook _cby Max Mueller Bhavan edited by Heimo Rau |
||
| 260 |
_aNew Delhi _bLakherwal _c1962 |
||
| 300 | _a108p | ||
| 650 | _aIndia - Relations (General) With Germany (Federal Republic) - Yearbooks | ||
| 650 | _aCulture - Germany (Federal Republic) | ||
| 650 | _aCulture - India | ||
| 700 | _aRau, Heimo,ed | ||
| 999 |
_c494960 _d494960 |
||